| 000 | 00738nam a2200229 a 4500 | ||
|---|---|---|---|
| 999 |
_c7406 _d7406 |
||
| 003 | OSt | ||
| 005 | 20211117142842.0 | ||
| 008 | 141020s2013 sp |||| |||| 0|0 0 cat| | ||
| 017 |
_aDL T 1515-2013 _aDL T 1516-2013, _bBiblioteca de Catalunya |
||
| 020 |
_a9788494203534 ( _qv. 1) |
||
| 020 |
_a9788494203541 ( _qv. 2) |
||
| 040 |
_aES-BaBC. _bcat. _cCDMR |
||
| 080 | _a9(467.1Ta Tarragona)"19" | ||
| 100 | 1 |
_aPujol, Enric _d1960- _94572 |
|
| 245 | 1 | 0 |
_aXarxa de records / _cEnric Pujol |
| 260 |
_aTarragona : _bArola, _c2013 |
||
| 300 |
_a2 volums ; _c24 cm |
||
| 600 | 1 | 7 | _aPujol, Enric, 1960-. |
| 650 | 7 |
_aTarragona (Catalunya)- _xHistòria _xRelats personals |
|
| 650 | 0 |
_aPeriodistes catalans _93139 _vBiografia |
|
| 942 |
_2udc _cMON |
||